000 00665cab a2200217 4500
001 WB3009-03
008 090401t1994 xxu||||| |||| 00| 0 eng d
035 _a(Sirsi) u28756
041 _aeng
245 _a£8M repairbill shortfall for St Paul`s Cathedral
260 _c1994
350 _a0
490 _aGuardian
_v1 March 1994, 7(1)
520 _aA report by Martin Stancliffe, Surveyor to the Fabric warns that St Paul`s Cathedral is facing an £8M shortfall in its repair bill.
650 _aCATHEDRALS
650 _aREPAIRS
650 _aST PAULS CATHEDRAL
690 _aBUILT ENVIRONMENT-BUILDING INSPECTION
942 _n0
948 _c04/03/1997
999 _c19337
_d19337